| Tag |
First Indicator |
Second Indicator |
Subfields |
| LEADER |
00000nam a2200000 a 4500 |
| 001 |
in00004756621 |
| 006 |
m|||||o||d|||||||| |
| 007 |
cr ||||||||||| |
| 008 |
120405s2003 enk fo| 001|0|eng d |
| 005 |
20231120173949.1 |
| 020 |
|
|
|a 9781446221327 (ebook) :
|c No price
|
| 035 |
|
|
|a (OCoLC)647883345
|
| 035 |
|
|
|a (StDuBDS)EDZ0000067628
|
| 040 |
|
|
|a StDuBDS
|b eng
|c StDuBDS
|e pn
|
| 050 |
|
0 |
|a HD62.6
|b .P38 2003
|
| 082 |
0 |
4 |
|a 658.401
|2 23
|
| 100 |
1 |
|
|a Paton, Rob.
|
| 245 |
1 |
0 |
|a Managing and measuring social enterprises /
|c Rob Paton.
|
| 260 |
|
|
|a London :
|b SAGE,
|c c2003.
|
| 300 |
|
|
|a 1 online resource ([xiii], 192 pages)
|
| 336 |
|
|
|a text
|b txt
|2 rdacontent
|
| 337 |
|
|
|a computer
|b c
|2 rdamedia
|
| 338 |
|
|
|a online resource
|b cr
|2 rdacarrier
|
| 504 |
|
|
|a Includes bibliographical references and index.
|
| 520 |
8 |
|
|a This title examines the question of what happens when performance improvement techniques originating in the private sector are applied to public and nonprofit organizations.
|
| 521 |
|
|
|a Specialized.
|
| 588 |
|
|
|a Description based on print version record.
|
| 650 |
|
0 |
|a Nonprofit organizations
|x Management.
|
| 650 |
|
0 |
|a Public administration
|x Evaluation.
|
| 650 |
|
0 |
|a Organizational effectiveness
|x Measurement.
|
| 655 |
|
7 |
|a Electronic books.
|2 local
|
| 710 |
2 |
|
|a Sage Publications.
|
| 776 |
0 |
8 |
|i Print version :
|z 9780761973652
|
| 856 |
4 |
0 |
|u http://proxy.library.tamu.edu/login?url=https://sk.sagepub.com/books/managing-and-measuring-social-enterprises
|z Connect to the full text of this electronic book
|t 0
|
| 955 |
|
|
|a SAGE Knowledge
|
| 999 |
f |
f |
|s 5e062f0a-1ae8-4be6-8c2a-5124210d8bc2
|i bb2c027c-5cca-4452-86fc-e11aa08ea876
|t 0
|
| 952 |
f |
f |
|a Texas A&M University
|b College Station
|c Electronic Resources
|d Available Online
|t 0
|e HD62.6 .P38 2003
|h Library of Congress classification
|
| 998 |
f |
f |
|a HD62.6 .P38 2003
|t 0
|l Available Online
|